[Event "10th Asia-ch (women)"]
[Site "Kozhikode IND"]
[Date "2003.08.17"]
[Round "1.1"]
[White "Humpy, Koneru"]
[Black "Zhang Jilin"]
[Result "1-0"]
[WhiteElo "2468"]
[BlackElo "2300"]
[EventDate "2003.08.17"]
[PlyCount "95"]

1.d4 Nf6 2.c4 c5 3.d5 b5 4.cxb5 a6 5.bxa6 Bxa6 6.Nc3 d6 7.Nf3 g6 8.g3 Bg7 
9.Bg2 O-O 10.O-O Nbd7 11.Qc2 Qb6 12.h3 Rfb8 13.Rd1 Ne8 14.e4 Nc7 15.b3 Ne5
16.Nxe5 Bxe5 17.Rb1 Qa5 18.Bd2 Qa3 19.Bc1 Qa5 20.Bb2 c4 21.Rdc1 Rc8 22.b4 
Qxb4 23.Na4 Bb5 24.Nb6 Rxa2 25.Nxc8 Rxb2 26.Rxb2 Bxb2 27.Nxe7+ Kf8 28.Nc6 
Qa3 29.Re1 c3 30.e5 dxe5 31.Qe4 Qd6 32.g4 Nxd5 33.Nxe5 c2 34.Qxc2 Bxe5 35.
Rd1 Bc6 36.Qd3 Nf4 37.Qxd6+ Bxd6 38.Bxc6 Nxh3+ 39.Kg2 Nf4+ 40.Kf3 Be5 41.
Rd7 Ne6 42.Bd5 Ng5+ 43.Ke3 Bb2 44.Rc7 f5 45.gxf5 gxf5 46.f4 Nh3 47.Bg2 Ng1
48.Rc4 1-0

[Event "10th Asia-ch (women)"]
[Site "Kozhikode IND"]
[Date "2003.08.17"]
[Round "1.2"]
[White "Swathi, Ghate"]
[Black "Zhao Xue"]
[Result "0-1"]
[WhiteElo "2299"]
[BlackElo "2467"]
[EventDate "2003.08.17"]
[PlyCount "66"]

1.e4 c5 2.Nf3 d6 3.d4 cxd4 4.Nxd4 Nf6 5.Nc3 a6 6.Be2 e6 7.O-O Be7 8.f4 Qc7
9.Kh1 Nc6 10.Be3 O-O 11.Qe1 Nxd4 12.Bxd4 b5 13.a3 Bb7 14.Qg3 Rad8 15.Rae1 
Rd7 16.Bd3 Qd8 17.Qh3 g6 18.f5 e5 19.Be3 Nh5 20.Be2 Nf6 21.Bf3 Kh8 22.g4 
d5 23.g5 dxe4 24.Bg2 Nh5 25.f6 Bd6 26.Bxe4 b4 27.Bxb7 bxc3 28.Bf3 cxb2 29.
Bxh5 gxh5 30.Qxh5 Qa8+ 31.Rf3 Rb8 32.Rb1 Qe4 33.Kg1 Qxc2 0-1

[Event "10th Asia-ch (women)"]
[Site "Kozhikode IND"]
[Date "2003.08.17"]
[Round "1.3"]
[White "Wang Pin"]
[Black "Gokhale, Anupama"]
[Result "1-0"]
[WhiteElo "2465"]
[BlackElo "2253"]
[EventDate "2003.08.17"]
[PlyCount "123"]

1.e4 e5 2.Nf3 Nc6 3.Bb5 Nf6 4.O-O Nxe4 5.d4 Nd6 6.Bxc6 dxc6 7.dxe5 Nf5 8.
Qxd8+ Kxd8 9.Nc3 Be6 10.Rd1+ Kc8 11.h3 h6 12.b3 Bb4 13.Bb2 Bxc3 14.Bxc3 c5
15.g4 Ne7 16.Kg2 b6 17.Kg3 a5 18.a4 Kb7 19.Bb2 Rhd8 20.c4 Rxd1 21.Rxd1 b5 
22.axb5 a4 23.Ra1 Nc8 24.Rxa4 Rxa4 25.bxa4 Nb6 26.Nd2 Nxa4 27.Ba3 c6 28.b6
g6 29.Kf4 Nxb6 30.Bxc5 Nxc4 31.Nxc4 Bxc4 32.Bf8 Kc7 33.Bxh6 Kd7 34.Kg5 Ke6
35.f4 Bf1 36.h4 c5 37.Bf8 c4 38.Bb4 Bd3 39.Bc3 Ke7 40.Bb4+ Ke6 41.Bc3 Ke7 
42.h5 gxh5 43.Kxh5 Kf8 44.Bb4+ Kg8 45.Kg5 Be2 46.Kf5 Kg7 47.Bc3 Kf8 48.g5 
Ke7 49.Bb4+ Ke8 50.Kf6 Bd3 51.f5 Be4 52.e6 fxe6 53.Kxe6 Bd3 54.g6 c3 55.
Bxc3 Kf8 56.Kf6 Kg8 57.Kg5 Bc2 58.f6 Bb3 59.Bb4 Bc4 60.Kf4 Bb3 61.Ke5 Bc4 
62.Kd6 1-0

[Event "10th Asia-ch (women)"]
[Site "Kozhikode IND"]
[Date "2003.08.17"]
[Round "1.4"]
[White "Thipsay, Bagyashree Sathe"]
[Black "Hoang Thanh Trang"]
[Result "0-1"]
[WhiteElo "2225"]
[BlackElo "2458"]
[EventDate "2003.08.17"]
[PlyCount "90"]

1.e4 e6 2.d4 d5 3.e5 c5 4.c3 Nc6 5.Nf3 Qb6 6.Be2 cxd4 7.cxd4 Nh6 8.Nc3 Nf5
9.Na4 Qa5+ 10.Bd2 Bb4 11.Bc3 Bxc3+ 12.Nxc3 Qb6 13.Na4 Qb4+ 14.Kf1 b5 15.
Nc5 Nfxd4 16.Nd3 Qe7 17.Rc1 Bd7 18.g3 O-O 19.Nxd4 Nxd4 20.Nc5 Nxe2 21.Qxe2
b4 22.Kg2 Rac8 23.Qe3 Bb5 24.Nb3 Qb7 25.Nd4 a5 26.h4 Qb6 27.h5 h6 28.g4 
Rc4 29.Rcd1 f6 30.exf6 Rxf6 31.f4 Qb8 32.g5 Rxf4 33.Qxe6+ Kh8 34.gxh6 Qf8 
35.Qe3 Re4 36.Rhf1 Qxf1+ 37.Rxf1 Rxe3 38.hxg7+ Kh7 39.Nxb5 Rc2+ 40.Rf2 
Ree2 41.Rxe2 Rxe2+ 42.Kf3 Rxb2 43.h6 Rxa2 44.Nc7 Rh2 45.Nxd5 Rxh6 0-1

[Event "10th Asia-ch (women)"]
[Site "Kozhikode IND"]
[Date "2003.08.17"]
[Round "1.5"]
[White "Vijayalakshmi, Subbaraman"]
[Black "Karavade, Eesha"]
[Result "1-0"]
[WhiteElo "2435"]
[BlackElo "2218"]
[EventDate "2003.08.17"]
[PlyCount "115"]

1.Nf3 Nf6 2.g3 g6 3.Bg2 Bg7 4.O-O O-O 5.c4 d5 6.cxd5 Nxd5 7.Nc3 Nb6 8.d3 
Nc6 9.Be3 h6 10.Qd2 Kh7 11.h4 Be6 12.h5 Nd5 13.Nxd5 Bxd5 14.Rfc1 Qd7 15.
Rc5 e6 16.Rc2 Rfc8 17.Bc5 e5 18.hxg6+ fxg6 19.Kh2 Nd4 20.Bxd4 exd4 21.Bh3 
Be6 22.Bxe6 Qxe6 23.Rh1 Qd5 24.Kg1 c5 25.b3 Kg8 26.Qc1 Rc6 27.Nd2 Rac8 28.
Ne4 b5 29.Qf4 Rf8 30.Qg4 h5 31.Qh4 Re8 32.f3 c4 33.bxc4 bxc4 34.dxc4 Rxc4 
35.Rd2 Rec8 36.Kf2 Rc2 37.Rhd1 Qe6 38.Rxc2 Rxc2 39.Qd8+ Bf8 40.Rxd4 Qb6 
41.Nf6+ Kf7 42.Qxf8+ Kxf8 43.Nd7+ Ke7 44.Nxb6 axb6 45.a4 Ra2 46.g4 hxg4 
47.Rxg4 Kf6 48.Rb4 Kf7 49.f4 Kg7 50.Kf3 Kf7 51.e4 Ra3+ 52.Kg4 Ra1 53.e5 
Ra3 54.Rxb6 Rxa4 55.Kg5 Ra1 56.Rf6+ Kg7 57.Rxg6+ Kf7 58.Rf6+ 1-0

[Event "10th Asia-ch (women)"]
[Site "Kozhikode IND"]
[Date "2003.08.17"]
[Round "1.6"]
[White "Tania, Sachdev"]
[Black "Li Ruofan"]
[Result "0-1"]
[WhiteElo "2206"]
[BlackElo "2433"]
[EventDate "2003.08.17"]
[PlyCount "134"]

1.e4 e5 2.Nf3 Nc6 3.Bc4 Nf6 4.d3 Be7 5.O-O O-O 6.Re1 d6 7.c3 Na5 8.Bb5 a6 
9.Ba4 c5 10.Nbd2 b5 11.Bc2 Re8 12.Nf1 Bb7 13.Ng3 Bf8 14.d4 cxd4 15.cxd4 
exd4 16.Nxd4 g6 17.a4 b4 18.Bd3 Bg7 19.Nb3 Rc8 20.Bg5 h6 21.Bf4 Nxb3 22.
Qxb3 a5 23.Bb5 Re6 24.Bc4 d5 25.exd5 Rxe1+ 26.Rxe1 Nxd5 27.Rd1 Qh4 28.Bxd5
Bxd5 29.Qxd5 Qxf4 30.Ne2 Qc4 31.Qxc4 Rxc4 32.b3 Rc2 33.Kf1 Rb2 34.Nd4 Bf8 
35.Rc1 h5 36.Rc2 Rb1+ 37.Ke2 Bg7 38.Rc4 Rb2+ 39.Kf1 Bf6 40.g3 g5 41.h3 Kg7
42.Kg2 Kg6 43.Rc6 Rd2 44.Nf3 Rd5 45.g4 h4 46.Kf1 Kg7 47.Ke2 Bc3 48.Ke3 f6 
49.Ra6 Bb2 50.Ke4 Rc5 51.Rd6 Rc3 52.Rd3 Rc1 53.Nd4 Rf1 54.Nf5+ Kf7 55.Nd6+
Ke6 56.Kf3 Be5 57.Nc4 Bg3 58.Rd2 Bc7 59.Ke4 Re1+ 60.Kd4 f5 61.gxf5+ Kxf5 
62.Kc5 Bf4 63.Rd5+ Ke6 64.Rd8 Rf1 65.Nxa5 g4 66.Re8+ Kd7 67.Re4 Bd6+ 0-1

[Event "10th Asia-ch (women)"]
[Site "Kozhikode IND"]
[Date "2003.08.17"]
[Round "1.7"]
[White "Wang Yu"]
[Black "Chandra Hawsa, Koneru"]
[Result "1-0"]
[WhiteElo "2357"]
[BlackElo "2193"]
[EventDate "2003.08.17"]
[PlyCount "65"]

1.e4 c6 2.d4 d5 3.e5 Bf5 4.Nc3 e6 5.g4 Bg6 6.Nge2 c5 7.h4 h5 8.Nf4 Bh7 9.
Nxh5 cxd4 10.Nb5 Nc6 11.Nxd4 Nxe5 12.Bb5+ Nd7 13.Bg5 Ne7 14.O-O a6 15.Ba4 
b5 16.Bb3 Qb6 17.Re1 Nc5 18.Qe2 O-O-O 19.a4 b4 20.a5 Qd6 21.Bd2 Nxb3 22.
cxb3 Kb7 23.Ra4 Nc6 24.Nxc6 Qxc6 25.Bxb4 Qb5 26.Qd2 Ka8 27.Rc1 Rb8 28.Bxf8
Rhxf8 29.Rc7 Bg6 30.Nf4 Qxb3 31.Qd4 Rb7 32.Rb4 Rc8 33.Qc3 1-0

[Event "10th Asia-ch (women)"]
[Site "Kozhikode IND"]
[Date "2003.08.17"]
[Round "1.8"]
[White "Prathiba, Yuvarajan"]
[Black "Sergeeva, Maria"]
[Result "0-1"]
[WhiteElo "2185"]
[BlackElo "2356"]
[EventDate "2003.08.17"]
[PlyCount "143"]

1.e4 c5 2.Nf3 d6 3.d4 cxd4 4.Nxd4 Nf6 5.Nc3 a6 6.Bg5 Nbd7 7.f4 b5 8.Qf3 
Bb7 9.Bd3 Qb6 10.Bxf6 gxf6 11.Nf5 e6 12.Ng3 b4 13.Nce2 Rc8 14.Rf1 f5 15.
Qf2 Qxf2+ 16.Rxf2 fxe4 17.Nxe4 d5 18.Ng5 h6 19.Nf3 Bg7 20.Ned4 O-O 21.Re2 
Nc5 22.Kf1 Rfe8 23.Rae1 Rc7 24.f5 Ne4 25.fxe6 fxe6 26.a3 Rf7 27.Kg1 bxa3 
28.bxa3 e5 29.Nb3 Nc3 30.Bg6 Nxe2+ 31.Rxe2 Rfe7 32.Bxe8 Rxe8 33.Nfd4 Bf8 
34.a4 Bc8 35.Nf3 e4 36.Nfd4 Bd7 37.a5 Bb4 38.Re3 Rc8 39.Kf1 Rc4 40.h3 Kf7 
41.g4 Kf6 42.Rg3 Bd6 43.Rg2 Be5 44.Rf2+ Kg6 45.Nf5 d4 46.Nd2 Rxc2 47.Nxe4 
Rxf2+ 48.Kxf2 Bxf5 49.gxf5+ Kxf5 50.Nc5 Bd6 51.Nd3 Ke4 52.Ke2 Kd5 53.Nf2 
Kc4 54.Ng4 Kc3 55.Kd1 Bf8 56.h4 Kb4 57.Ne5 Bg7 58.Nc6+ Kb5 59.Ne7 h5 60.
Kc2 Kxa5 61.Kd3 Kb4 62.Nd5+ Kb3 63.Nf4 a5 64.Ne6 Bh8 65.Ke4 a4 66.Nc5+ Kb4
67.Nd3+ Kc3 68.Nf4 a3 69.Ne2+ Kc2 70.Nxd4+ Bxd4 71.Kxd4 a2 72.Ke3 0-1

[Event "10th Asia-ch (women)"]
[Site "Kozhikode IND"]
[Date "2003.08.17"]
[Round "1.9"]
[White "Harika, Dronavalli"]
[Black "Saimeera Ravi"]
[Result "1-0"]
[WhiteElo "2351"]
[BlackElo "2172"]
[EventDate "2003.08.17"]
[PlyCount "102"]

1.Nf3 Nf6 2.d4 g6 3.c4 Bg7 4.Nc3 d6 5.g3 O-O 6.Bg2 c6 7.O-O Qa5 8.Qd3 Qa6 
9.b3 d5 10.Ne5 Be6 11.Rd1 Rd8 12.h3 Nbd7 13.cxd5 Qxd3 14.Nxd3 Nxd5 15.Bb2 
Nxc3 16.Bxc3 f5 17.Rac1 Bf7 18.Ba5 Nb6 19.e3 Bd5 20.Nc5 Rab8 21.Na4 Bxg2 
22.Kxg2 Ra8 23.Nxb6 axb6 24.Bxb6 Rd7 25.a4 Kf7 26.f4 e6 27.Kf3 Bf8 28.Bc5 
Ra5 29.Bxf8 Kxf8 30.g4 Ke7 31.g5 h5 32.gxh6 Kf6 33.Rg1 Rh7 34.Rc5 Ra8 35.
a5 Rxh6 36.Rg3 Rah8 37.a6 bxa6 38.Rxc6 Kf7 39.Rxa6 Rxh3 40.Rxh3 Rxh3+ 41.
Ke2 Rg3 42.Ra7+ Kf6 43.b4 g5 44.fxg5+ Rxg5 45.Rb7 Rg3 46.b5 f4 47.exf4 Kf5
48.b6 Rb3 49.Rb8 Kxf4 50.b7 Ke4 51.d5 Re3+ 1-0

[Event "10th Asia-ch (women)"]
[Site "Kozhikode IND"]
[Date "2003.08.17"]
[Round "1.12"]
[White "Malinicheva, Lidia"]
[Black "Nguyen Thi Thanh An"]
[Result "1/2-1/2"]
[WhiteElo "2126"]
[BlackElo "2335"]
[EventDate "2003.08.17"]
[PlyCount "34"]

1.e4 c5 2.Nf3 d6 3.d4 cxd4 4.Nxd4 Nf6 5.Nc3 Nc6 6.Be3 a6 7.Qd2 e6 8.Nf3 
Qc7 9.Nd4 Be7 10.f3 Rb8 11.O-O-O b5 12.Kb1 O-O 13.Bd3 Nd7 14.g4 Nde5 15.
Qf2 Nc4 16.Rhg1 b4 17.Bc1 Na3+ 1/2-1/2

[Event "10th Asia-ch (women)"]
[Site "Kozhikode IND"]
[Date "2003.08.17"]
[Round "1.13"]
[White "Mohota, Nisha"]
[Black "Shahnaz, Safira"]
[Result "1/2-1/2"]
[WhiteElo "2321"]
[BlackElo "2120"]
[EventDate "2003.08.17"]
[PlyCount "95"]

1.d4 Nf6 2.c4 e6 3.Nc3 Bb4 4.e3 c5 5.Bd3 b6 6.Nf3 Bb7 7.O-O O-O 8.a3 cxd4 
9.exd4 Bxc3 10.bxc3 d6 11.Rb1 Nbd7 12.Bf4 Qc7 13.c5 bxc5 14.dxc5 Bxf3 15.
gxf3 Qxc5 16.Bxd6 Qg5+ 17.Kh1 Rfd8 18.Rb5 Qh6 19.c4 Nb6 20.c5 Nbd5 21.Qc1 
Qh3 22.Be2 Ne8 23.Bg3 h5 24.Rg1 Qf5 25.c6 Rdc8 26.c7 h4 27.Rb8 Nb6 28.Bxh4
Raxb8 29.cxb8=Q Rxb8 30.Rg5 Rc8 31.Qxc8 Qb1+ 32.Rg1 Qxg1+ 33.Kxg1 Nxc8 34.
Bd8 f6 35.Kf1 Kf7 36.Ba5 Ned6 37.Bb4 e5 38.Ke1 Ke6 39.Bd1 Kd5 40.Bb3+ Kd4 
41.Be6 g6 42.Ke2 g5 43.a4 e4 44.fxe4 Kxe4 45.Bc5 Ke5 46.Bd7 Kd5 47.Be3 Nb6
48.Bh3 1/2-1/2

[Event "10th Asia-ch (women)"]
[Site "Kozhikode IND"]
[Date "2003.08.17"]
[Round "1.14"]
[White "Shen Yang"]
[Black "Meenakshi, Subbaraman"]
[Result "0-1"]
[WhiteElo "2113"]
[BlackElo "2319"]
[EventDate "2003.08.17"]
[PlyCount "120"]

1.e4 e5 2.Nf3 Nc6 3.Bb5 a6 4.Ba4 Nf6 5.O-O Be7 6.Re1 b5 7.Bb3 O-O 8.h3 h6 
9.Nc3 Bb7 10.d3 Re8 11.Bd2 Bf8 12.a3 Na5 13.Ba2 c5 14.Nd5 Nc6 15.c3 d6 16.
Ne3 Ne7 17.Qb3 d5 18.Nxe5 c4 19.Qc2 dxe4 20.dxc4 Qc7 21.N5g4 Nxg4 22.hxg4 
bxc4 23.Bxc4 Ng6 24.Qb3 Ne5 25.Be2 Bc5 26.Nf5 e3 27.Bxe3 Qc6 28.Nh4 Bxe3 
29.fxe3 Rab8 30.Qd1 Rbd8 31.Qc2 Qf6 32.Nf5 Qg5 33.Bd1 Nxg4 34.Bxg4 Qxg4 
35.Nd4 Re5 36.Qe2 Qg6 37.Nf3 Re4 38.Rad1 Rde8 39.Qf2 Bc8 40.Rd4 Bb7 41.Nh4
Qe6 42.Nf5 Rxd4 43.Nxd4 Qg4 44.Re2 h5 45.Qf4 Qg6 46.Rf2 Bd5 47.Nf5 Kh7 48.
Qd4 Be6 49.Qf4 Rd8 50.e4 Rd1+ 51.Kh2 Rd3 52.Qh4 Rd1 53.Qg3 Bxf5 54.Qf3 
Qd6+ 55.g3 Bg6 56.e5 Qd7 57.Qf4 Qd5 58.Rg2 Be4 59.Rg1 Qd2+ 60.Qxd2 Rxd2+ 
0-1

[Event "10th Asia-ch (women)"]
[Site "Kozhikode IND"]
[Date "2003.08.17"]
[Round "1.16"]
[White "Sangeetha, M. R."]
[Black "Ramaswamy, Aarthie"]
[Result "0-1"]
[WhiteElo "2100"]
[BlackElo "2316"]
[EventDate "2003.08.17"]
[PlyCount "72"]

1.c4 e5 2.Nc3 Nc6 3.g3 g6 4.Bg2 Bg7 5.e4 d6 6.d3 Nf6 7.Nge2 O-O 8.O-O Be6 
9.h3 Nh5 10.g4 Nf6 11.Ng3 Nd7 12.Be3 Ne7 13.Nd5 c6 14.Nxe7+ Qxe7 15.Qd2 
Nb8 16.Rac1 c5 17.b4 Nc6 18.b5 Nd4 19.Bxd4 cxd4 20.a4 Qh4 21.Qe2 Rac8 22.
Rb1 Bh6 23.Qf3 Kh8 24.Rfd1 Bf4 25.Rb2 h5 26.gxh5 Bxh3 27.Bxh3 Qxh3 28.hxg6
fxg6 29.Qh1 Kg7 30.Rbb1 Rf6 31.Rf1 Rcf8 32.f3 Bg5 33.Rb2 Rf4 34.a5 Rh8 35.
Rh2 Rhf8 36.Rhf2 Rg4 0-1

[Event "10th Asia-ch (women)"]
[Site "Kozhikode IND"]
[Date "2003.08.17"]
[Round "1.17"]
[White "Huang Qian"]
[Black "Priya, P."]
[Result "1-0"]
[WhiteElo "2313"]
[BlackElo "2091"]
[EventDate "2003.08.17"]
[PlyCount "111"]

1.d4 Nf6 2.Bf4 c5 3.Nf3 e6 4.e3 d5 5.c3 Be7 6.h3 O-O 7.Nbd2 b6 8.Bd3 Bb7 
9.O-O Nc6 10.Qe2 Bd6 11.Ne5 Qc7 12.Ndf3 Ne4 13.Nxc6 Bxc6 14.Ne5 f6 15.Nxc6
Qxc6 16.f3 Ng5 17.Bxg5 fxg5 18.Rad1 Kh8 19.Kh1 Rad8 20.Kg1 Bb8 21.f4 gxf4 
22.Qh5 g6 23.Bxg6 Qd7 24.exf4 Rxf4 25.Rxf4 Bxf4 26.Rf1 Be3+ 27.Kh1 Qg7 28.
Bxh7 Qg5 29.Qf7 Qg7 30.Qxe6 Rf8 31.Qxe3 Kxh7 32.Qd3+ Kh6 33.Qe3+ Kh7 34.
Qf3 Qh6 35.Qf5+ Kh8 36.Qe5+ Kh7 37.Qc7+ Kg8 38.Qb8 Kg7 39.Qxa7+ Kg8 40.Qb8
Kh7 41.Qb7+ Kh8 42.Qc8 Kh7 43.Qf5+ Kh8 44.Kh2 cxd4 45.Qe5+ Kh7 46.Qxd4 
Qd6+ 47.Kg1 Qe6 48.b4 Qc6 49.Kh1 Qd6 50.a4 Qc6 51.a5 bxa5 52.bxa5 Qb5 53.
Qb4 Qxf1+ 54.Kh2 Qf6 55.Qb7+ Kh6 56.Qb6 1-0

[Event "10th Asia-ch (women)"]
[Site "Kozhikode IND"]
[Date "2003.08.18"]
[Round "2.1"]
[White "Xu Yuanyuan"]
[Black "Humpy, Koneru"]
[Result "1/2-1/2"]
[WhiteElo "2347"]
[BlackElo "2468"]
[EventDate "2003.08.17"]
[PlyCount "165"]

1.d4 Nf6 2.c4 e6 3.Nc3 Bb4 4.Qc2 d5 5.cxd5 exd5 6.Bg5 O-O 7.e3 Re8 8.Bd3 
h6 9.Bh4 c5 10.Ne2 c4 11.Bh7+ Kh8 12.Bf5 Bxf5 13.Qxf5 Qd7 14.Qc2 Ne4 15.
O-O Nc6 16.f3 Nxc3 17.bxc3 Bd6 18.Bf2 f5 19.Rab1 Rab8 20.Ng3 f4 21.exf4 
Bxf4 22.Nh5 Bd6 23.Qg6 Re6 24.Qg4 Re7 25.Qxd7 Rxd7 26.Rfe1 b5 27.Be3 b4 
28.cxb4 Bxb4 29.Re2 Re8 30.Nf4 Bc3 31.Bf2 Rxe2 32.Nxe2 Bd2 33.Kf1 a5 34.
Be1 Bb4 35.h4 Kg8 36.h5 Kf7 37.Bf2 Na7 38.Be1 Nc6 39.Bf2 Rd8 40.g4 Rd7 41.
Nf4 Bd2 42.Ne2 Nb4 43.Be1 Be3 44.Bxb4 axb4 45.Rxb4 Ra7 46.Rb2 Ra3 47.Rc2 
Rd3 48.Rc3 Rd1+ 49.Kg2 Bxd4 50.Nxd4 Rxd4 51.Rc2 Rd3 52.Kg3 c3 53.a4 d4 54.
Kf2 Rd1 55.Ke2 Ra1 56.Kd3 Rxa4 57.Re2 Rb4 58.Re4 Kf6 59.f4 Ra4 60.Re2 Rb4 
61.Re4 g6 62.hxg6 Kxg6 63.Re6+ Kg7 64.Rc6 Ra4 65.Ke4 d3+ 66.Kxd3 Rxf4 67.
Rxc3 Rxg4 68.Ke2 h5 69.Kf3 Kg6 70.Rc5 Kh6 71.Rc8 Kh7 72.Rc6 Rg5 73.Kf4 Rg1
74.Kf3 Kg7 75.Kf2 Rg5 76.Kf3 Rg4 77.Ra6 Rg5 78.Rb6 Kf7 79.Ra6 Kg8 80.Ra7 
h4 81.Ra4 h3 82.Rh4 Ra5 83.Rxh3 1/2-1/2

[Event "10th Asia-ch (women)"]
[Site "Kozhikode IND"]
[Date "2003.08.18"]
[Round "2.2"]
[White "Zhao Xue"]
[Black "Harika, Dronavalli"]
[Result "0-1"]
[WhiteElo "2467"]
[BlackElo "2351"]
[EventDate "2003.08.17"]
[PlyCount "82"]

1.c4 c5 2.Nc3 Nc6 3.Nf3 g6 4.g3 Bg7 5.Bg2 Nf6 6.d4 cxd4 7.Nxd4 O-O 8.Nc2 
d6 9.O-O Be6 10.Nd5 Ne5 11.Nd4 Bd7 12.b3 Nc6 13.Bb2 Nxd5 14.Nxc6 Bxc6 15.
Bxg7 Ne3 16.fxe3 Kxg7 17.Bxc6 bxc6 18.c5 d5 19.Qd4+ f6 20.e4 e5 21.Qa4 Qc7
22.Rad1 Rad8 23.exd5 cxd5 24.b4 d4 25.Qa6 e4 26.Qc4 Qe5 27.c6 Rf7 28.Rd2 
f5 29.Rfd1 d3 30.exd3 e3 31.Re2 f4 32.gxf4 Rxf4 33.Qc5 Rg4+ 34.Rg2 Qe4 35.
Rg3 Qf4 36.Qc3+ Kh6 37.Qe1 Rf8 38.d4 e2 39.Qxe2 Rxg3+ 40.hxg3 Qxg3+ 41.Kh1
Rf2 0-1

[Event "10th Asia-ch (women)"]
[Site "Kozhikode IND"]
[Date "2003.08.18"]
[Round "2.3"]
[White "Meenakshi, Subbaraman"]
[Black "Wang Pin"]
[Result "1/2-1/2"]
[WhiteElo "2319"]
[BlackElo "2465"]
[EventDate "2003.08.17"]
[PlyCount "82"]

1.d4 Nf6 2.c4 g6 3.Nf3 Bg7 4.g3 O-O 5.Bg2 d6 6.O-O Nc6 7.Nc3 a6 8.Re1 Rb8 
9.Rb1 Bf5 10.e4 Bg4 11.h3 Bxf3 12.Bxf3 e5 13.d5 Nd4 14.Be3 Nd7 15.Bg2 c5 
16.dxc6 bxc6 17.b4 Qc7 18.Qd3 Rfc8 19.Rec1 Re8 20.a3 Kh8 21.Ne2 Nxe2+ 22.
Qxe2 a5 23.Qd2 axb4 24.axb4 Nf8 25.Ra1 Ne6 26.Ra7 Rb7 27.Rxb7 Qxb7 28.Rb1 
Nd4 29.Kh1 Rb8 30.f4 Qa6 31.Bxd4 exd4 32.Bf1 Qa3 33.Qd3 Qa2 34.b5 c5 35.b6
Qa6 36.Qb3 Rb7 37.Bg2 Bf6 38.Qb5 Qxb5 39.Rxb5 Bd8 40.e5 Rxb6 41.Rxb6 Bxb6 
1/2-1/2

[Event "10th Asia-ch (women)"]
[Site "Kozhikode IND"]
[Date "2003.08.18"]
[Round "2.4"]
[White "Hoang Thanh Trang"]
[Black "Gu Xiaobing"]
[Result "0-1"]
[WhiteElo "2458"]
[BlackElo "2346"]
[EventDate "2003.08.17"]
[PlyCount "84"]

1.d4 Nf6 2.c4 c5 3.d5 b5 4.Nf3 Bb7 5.Nbd2 bxc4 6.e4 e6 7.dxe6 dxe6 8.e5 
Nd5 9.Nxc4 Be7 10.Qb3 Nb6 11.Bg5 O-O 12.Rd1 Bd5 13.Nxb6 axb6 14.Bxe7 Qxe7 
15.Bc4 Bxc4 16.Qxc4 Qa7 17.a3 Qa5+ 18.Ke2 Nc6 19.Rd7 Nd4+ 20.Nxd4 cxd4 21.
f4 Rac8 22.Qd3 Qa4 23.Rxd4 Rc2+ 24.Kf3 Qc6+ 25.Qe4 Qc7 26.Rb1 g6 27.Kg3 
Rc8 28.Rd3 Qc5 29.Qe3 Qc4 30.b3 Qc6 31.Qf3 Qc5 32.b4 Qc4 33.Rbd1 Kg7 34.h3
Qa2 35.Rf1 h5 36.h4 R8c4 37.Kh2 Re2 38.Qb7 Rf2 39.Rxf2 Qxf2 40.Kh3 Qxf4 
41.Qe7 Qf5+ 42.Kh2 Qxd3 0-1

[Event "10th Asia-ch (women)"]
[Site "Kozhikode IND"]
[Date "2003.08.18"]
[Round "2.4"]
[White "Nguyen Thi Thanh An"]
[Black "Tian Tian"]
[Result "0-1"]
[WhiteElo "2335"]
[BlackElo "2300"]
[EventDate "2003.08.17"]
[PlyCount "108"]

1.c4 c6 2.d4 d5 3.Nf3 Nf6 4.Nc3 dxc4 5.a4 Bf5 6.e3 e6 7.Bxc4 Bb4 8.O-O O-O
9.Qe2 Nbd7 10.e4 Bg4 11.Rd1 Bh5 12.Bf4 Qa5 13.Na2 Rfe8 14.e5 Nd5 15.Be3 
Rac8 16.Bd3 Nf8 17.h3 c5 18.Nxb4 Nxe3 19.fxe3 Qxb4 20.g4 Bg6 21.Ng5 cxd4 
22.Bxg6 Nxg6 23.exd4 Red8 24.Qf2 Rd7 25.d5 Qb3 26.Rd2 exd5 27.Re1 h6 28.
Re3 Qa2 29.e6 fxe6 30.Nxe6 Rf7 31.Rf3 Rxf3 32.Qxf3 Ne7 33.Re2 Qb1+ 34.Kg2 
Qg6 35.h4 Qf6 36.Qxf6 gxf6 37.Nd4 Kf7 38.Nb5 Rd8 39.Nxa7 Ng6 40.Kg3 d4 41.
Nb5 d3 42.Rd2 Ne5 43.b3 Rg8 44.Nd6+ Ke6 45.Nxb7 Kd5 46.a5 Kc6 47.a6 Rxg4+ 
48.Kf2 Rxh4 49.Ke3 Rg4 50.Ra2 Rg8 51.Na5+ Kb5 52.Nc4 Nc6 53.a7 Re8+ 54.Kd2
Re2+ 0-1

[Event "10th Asia-ch (women)"]
[Site "Kozhikode IND"]
[Date "2003.08.18"]
[Round "2.6"]
[White "Li Ruofan"]
[Black "Le Kieu Thien Kim"]
[Result "1-0"]
[WhiteElo "2433"]
[BlackElo "2316"]
[EventDate "2003.08.17"]
[PlyCount "67"]

1.e4 e5 2.Nf3 Nf6 3.Nxe5 d6 4.Nf3 Nxe4 5.c4 Be7 6.Nc3 Nf6 7.d4 O-O 8.Be2 
d5 9.O-O Nc6 10.Ne5 Be6 11.Bf3 dxc4 12.Bxc6 bxc6 13.Nxc6 Qd6 14.d5 Bf5 15.
Qd4 Qc5 16.Be3 Qd6 17.Qxc4 Rfe8 18.Nxe7+ Qxe7 19.Bf4 Rab8 20.b3 Rbc8 21.
Rad1 h6 22.Nb5 Qd7 23.Qc6 Re4 24.Bg3 Ne8 25.Nxa7 Rb8 26.Rfe1 Rd8 27.f3 
Rxe1+ 28.Rxe1 Nf6 29.Bxc7 Nxd5 30.Bxd8 Qxa7+ 31.Kh1 Qf2 32.Rg1 Nf4 33.Qe8+
Kh7 34.Qe5 1-0

[Event "10th Asia-ch (women)"]
[Site "Kozhikode IND"]
[Date "2003.08.18"]
[Round "2.7"]
[White "Ruan Lufei"]
[Black "Wang Yu"]
[Result "1/2-1/2"]
[WhiteElo "2307"]
[BlackElo "2357"]
[EventDate "2003.08.17"]
[PlyCount "57"]

1.e4 e5 2.Nf3 Nc6 3.d4 exd4 4.Nxd4 Nf6 5.Nxc6 bxc6 6.e5 Qe7 7.Qe2 Nd5 8.c4
Ba6 9.g3 f6 10.e6 O-O-O 11.Bh3 Kb8 12.O-O h5 13.Nd2 h4 14.Bg2 hxg3 15.hxg3
g6 16.Re1 dxe6 17.Qxe6 Qxe6 18.Rxe6 Nb4 19.a3 Nc2 20.Ra2 Bh6 21.f4 Nd4 22.
Re3 Rhe8 23.Kf2 Rxe3 24.Kxe3 Nb3 25.Nxb3 Bxc4 26.Nd4 Re8+ 27.Kf2 Bxa2 28.
Nxc6+ Kc8 29.Nxa7+ 1/2-1/2

[Event "10th Asia-ch (women)"]
[Site "Kozhikode IND"]
[Date "2003.08.18"]
[Round "2.8"]
[White "Sergeeva, Maria"]
[Black "Huang Qian"]
[Result "1/2-1/2"]
[WhiteElo "2356"]
[BlackElo "2313"]
[EventDate "2003.08.17"]
[PlyCount "63"]

1.e4 c5 2.Nf3 d6 3.d4 cxd4 4.Nxd4 Nf6 5.Nc3 a6 6.f3 e5 7.Nb3 Be6 8.Be3 Be7
9.Qd2 O-O 10.O-O-O Qc7 11.g4 Rc8 12.g5 Nh5 13.Nd5 Bxd5 14.exd5 Nd7 15.Rg1 
Nb6 16.Rg4 Nf4 17.Bxf4 exf4 18.c3 a5 19.Nd4 g6 20.Nb5 Qc5 21.Kb1 a4 22.h4 
Ra5 23.c4 Nxc4 24.Bxc4 Qxc4 25.Na3 Qa6 26.Rxf4 Bf8 27.Qd3 Qxd3+ 28.Rxd3 
Rcc5 29.Rb4 Rxd5 30.Rxd5 Rxd5 31.Rxa4 Rd3 32.Nb5 1/2-1/2

[Event "10th Asia-ch (women)"]
[Site "Kozhikode IND"]
[Date "2003.08.18"]
[Round "2.10"]
[White "Shahnaz, Safira"]
[Black "Malinicheva, Lidia"]
[Result "1-0"]
[WhiteElo "2120"]
[BlackElo "2126"]
[EventDate "2003.08.17"]
[PlyCount "83"]

1.d4 Nf6 2.Nf3 d5 3.c4 e6 4.g3 c6 5.Qc2 Nbd7 6.Bg2 Bd6 7.O-O O-O 8.Nbd2 
Re8 9.b3 e5 10.dxe5 Nxe5 11.Bb2 Bg4 12.Rad1 Rc8 13.Nxe5 Bxe5 14.Nf3 Bxb2 
15.Qxb2 Qe7 16.cxd5 Nxd5 17.Rd4 Qf6 18.Qd2 Rxe2 19.Qxe2 Bxf3 20.Qd3 Be2 
21.Qd2 Bxf1 22.Kxf1 Nb6 23.Be4 Re8 24.Kg2 g6 25.Bf3 Qg7 26.a4 a5 27.Rd8 
Qe5 28.Rxe8+ Qxe8 29.Qxa5 Qd8 30.Qc5 Kg7 31.a5 Nc8 32.a6 bxa6 33.Qxc6 a5 
34.Qc3+ f6 35.h4 Ne7 36.h5 Nf5 37.Qc5 Ne7 38.Qe3 Qc7 39.Qe6 Qd8 40.h6+ 
Kxh6 41.Qxf6 Qe8 42.g4 1-0

[Event "10th Asia-ch (women)"]
[Site "Kozhikode IND"]
[Date "2003.08.18"]
[Round "2.11"]
[White "Zhang Jilin"]
[Black "Mohota, Nisha"]
[Result "1/2-1/2"]
[WhiteElo "2300"]
[BlackElo "2321"]
[EventDate "2003.08.17"]
[PlyCount "56"]

1.e4 c5 2.Nf3 d6 3.d4 cxd4 4.Nxd4 Nf6 5.Nc3 a6 6.Be2 e5 7.Nb3 Be7 8.O-O 
O-O 9.Kh1 b6 10.f3 Bb7 11.Be3 b5 12.a3 Nbd7 13.Qd2 Rc8 14.Rfd1 Qc7 15.Rac1
Rfd8 16.Qe1 Nc5 17.Qf2 h6 18.h3 d5 19.exd5 Nxd5 20.Nxd5 Rxd5 21.Rxd5 Bxd5 
22.Nxc5 Bxc5 23.Rd1 Bxe3 24.Qxe3 Bc4 25.c3 Re8 26.Rd2 Bxe2 27.Qxe2 Qc6 28.
Qd3 e4 1/2-1/2

[Event "10th Asia-ch (women)"]
[Site "Kozhikode IND"]
[Date "2003.08.18"]
[Round "2.12"]
[White "Lakshmi, Praneetha"]
[Black "Swathi, Ghate"]
[Result "0-1"]
[WhiteElo "2005"]
[BlackElo "2299"]
[EventDate "2003.08.17"]
[PlyCount "64"]

1.c4 e5 2.Nc3 Nf6 3.g3 d5 4.cxd5 Nxd5 5.Bg2 Nb6 6.d3 Be7 7.Nf3 Nc6 8.O-O 
O-O 9.a3 Be6 10.b4 a5 11.b5 Nd4 12.Nxd4 exd4 13.Na4 Bd5 14.Nxb6 cxb6 15.
Bb2 Bxg2 16.Kxg2 Qd5+ 17.Kg1 Bc5 18.Rc1 Rfe8 19.Qd2 Re6 20.Rfe1 Rae8 21.
Rc4 h5 22.Rc2 h4 23.Qf4 h3 24.f3 Rf6 25.Qg4 Rxf3 26.Qxh3 Rxd3 27.exd3 
Rxe1+ 28.Kf2 Re3 29.Qc8+ Bf8 30.Qg4 Rxd3 31.a4 Qh1 32.Qh3 Qf3+ 0-1

[Event "10th Asia-ch (women)"]
[Site "Kozhikode IND"]
[Date "2003.08.18"]
[Round "2.13"]
[White "Gokhale, Anupama"]
[Black "Parveen, Seyda Shabana"]
[Result "1-0"]
[WhiteElo "2253"]
[BlackElo "2140"]
[EventDate "2003.08.17"]
[PlyCount "101"]

1.d4 d5 2.c4 c6 3.Nf3 Nf6 4.e3 Bg4 5.Nc3 e6 6.h3 Bxf3 7.Qxf3 Bd6 8.Bd3 
Nbd7 9.O-O O-O 10.e4 e5 11.exd5 exd4 12.Ne4 Ne5 13.Nxf6+ Qxf6 14.Qxf6 gxf6
15.Be4 Rfe8 16.f3 Rab8 17.b3 c5 18.Bd2 Kg7 19.Rae1 a6 20.f4 Ng6 21.g3 Re7 
22.Bd3 b5 23.Kf2 bxc4 24.Bxc4 Ra7 25.Re2 Bf8 26.Rfe1 Rd8 27.Ba5 Rd6 28.Re8
Rb7 29.Ra8 Re7 30.Rxe7 Bxe7 31.Bc7 Rd7 32.Rc8 Bf8 33.Bb6 Ne7 34.Rc7 Rxc7 
35.Bxc7 Nf5 36.Bxa6 Bd6 37.Bxd6 Nxd6 38.Bd3 h6 39.a4 Nb7 40.Ke2 Kf8 41.Bf5
Ke7 42.Kd3 Kd6 43.b4 cxb4 44.Kc4 b3 45.Kxb3 Kxd5 46.Kb4 Nc5 47.a5 Na6+ 48.
Kb5 Nc7+ 49.Kb6 Ne6 50.a6 Kd6 51.Bxe6 1-0